000 00645nam a2200229Ia 4500
003 OSt
005 20230626095640.0
008 210423s9999 xx 000 0 und d
020 _a8178242761
040 _cAL
041 _aeng
082 _a305.5688
_223
_bNAGD
100 _aNAGARAJ (D R)
_993073
245 _aFlaming feet and other essays: the dalit movement in India
260 _bPermanent Black
_aNew Delhi
_c2013
300 _axxviii,254
_bPB
365 _b595
_cINR
650 _aSocial Classes
_993074
650 _aSociology
_993075
906 _adalit ; essays: ; feet ; Flaming ; India ; movement ; other
942 _2ddc
_cBK
999 _c161068
_d161068